00930 a2200193 45000010006000000050017000060080041000230030015000640400040000790800033001192450039001520200018001912640056002093000019002655050320002840410008006041000029006128560095006412172620260407155508.0260407a2003 arg spa dAR-UNSa-BCEJYS aAR-UNSa-BCEJYSbspacAR-UNSa-BCEJYS a330.101.541xMacroeconomía10aApuntes de macreconomía básica a987-97527-1-6 1aSalta :bEdiciones Librería del Profesionalc2003 a118 p.c29 cm. a1. Conceptos básicos - 2. Contabilidad nacional - 3. El sector real - 4. El sector monetario - 5. El sector externo - 6. La demanda agregada - 7. La oferta agregada - 8. El equilibrio general de la economía - 9. Problemas de políticas económica I - 10. Problemas de política económica II - 11. Glosario  aspa1 aAntonelli, Eduardo David41uhttps://biblioeco.unsa.edu.ar/pmb/images/libros/L128940.jpgyImagen de portadaqimage/jpeg